000 00264nam a2200097 a 4500
005 20200930070702.0
008 110919s1995 000 spa d
245 0 _aCelebración de colores 1970-1995.
260 _aSantiago de los Caballeros,
_c1995.
999 _c33484
_d33484
040 _aDO-SdBNP